• 首页
  • 本馆介绍
  • 公告通知
  • 最新文献
  • 馆藏检索
  • 电子资源
  • 读者导购
  • 参考咨询
  • 我的图书馆
  • 登录
  • 详细信息显示
  • 放入我的书架
  • 预约/预借图书
  • 作者相关作品
  • 分类相关作品
  • 丛书相关作品
  • 出版社相关作品

书目信息

  • 表格格式
  • 工作单格式
  • 卡片格式
题名:
药事管理
    
 
作者: 张鑫 主编
分册:  
出版信息: 北京   高等教育出版社  2006
页数: 289页
开本: 23cm
丛书名:
单 册:
中图分类: R95
科图分类:
主题词: 药政管理--高等教育--教材 , 药政管理
电子资源:
ISBN: 978-7-04-018386-3
000 00812nam0 2200253 45
001 1050843109
005 20100420093712.93
010    @a978-7-04-018386-3@dCNY23.90
100    @a20100409e20092006em y0chiy0110 ea
101 0  @achi
102    @aCN@b110000
105    @ay z 000yy
106    @ar
200 1  @a药事管理@AYao Shi Guan Li@f张鑫主编@FZhang Xin Zhu Bian
210    @a北京@c高等教育出版社@d2006@h2009
215    @a289页@d23cm
300    @a银领工程高等职业教育应用型人才培养培训工程系列教材
330    @a本教材共十三章,主要内容包括药品各环节的管理、药事管理的法律法规、药学伦理学与药学道德三大部分。
606 0  @a药政管理@x高等教育@j教材
606 0  @a药政管理
690    @aR95@v4
701  0 @a张鑫@AZhang Xin@g(药学)@4主编
801  0 @aCN@bTANGWEI@c20100420
905    @b0591012-16@dR95@e86@f5
    
    药事管理/张鑫主编.-北京:高等教育出版社,2006(2009)
    289页;23cm
    银领工程高等职业教育应用型人才培养培训工程系列教材
    
    ISBN 978-7-04-018386-3:CNY23.90
    本教材共十三章,主要内容包括药品各环节的管理、药事管理的法律法规、药学伦理学与药学道德三大部分。
●
相关链接 在E读中查询图书 在五车中查询图书 在当当中查询图书 在豆瓣中查询图书


正题名:药事管理     索取号:R95/86         预约/预借

序号 登录号 条形码 馆藏地/架位号 状态 备注
1 0591012   205910120   第二样本阅览室/ [索取号:R95/86] 在馆    
2 0591013   205910139   第三借阅区/ [索取号:R95/86] 在馆    
3 0591014   205910148   第三借阅区/ [索取号:R95/86] 在馆    
4 0591015   205910157   第三借阅区/ [索取号:R95/86] 在馆    
5 0591016   205910166   密集书库-生命科学系/ [索取号:R95/86] 在馆    
唐山师范学院图书馆 欢迎您!
大连网信软件有限公司© 版权所有